01246nam a22003254a 4500001001200000003000800012006001900020007001500039008004100054010001700095020002800112040002100140035002100161050002600182082002000208100002500228245007300253250001200326260004000338300002500378490004400403504005100447533015200498650002400650650002900674655002900703710001700732830004500749856012600794ebr10160973CaPaEBRm u cr cn|||||||||060413s2006 maua sb 001 0 eng d z 2006045966 z1580538630 (alk. paper) aCaPaEBRcCaPaEBR a(OCoLC)12391478514aTK5103.7b.X65 2006eb04a621.3815/362221 aXiong, Fuqin,d1946-10aDigital modulation techniquesh[electronic resource] /cFuqin Xiong. a2nd ed. aBoston, MA :bArtech House,cc2006. axxi, 1017 p. :bill.1 aArtech House telecommunications library aIncludes bibliographical references and index. aElectronic reproduction.bPalo Alto, Calif. :cebrary,d2009.nAvailable via World Wide Web.nAccess may be limited to ebrary affiliated libraries. 0aDigital modulation. 0aModulation (Electronics) 7aElectronic books.2local2 aebrary, Inc. 0aArtech House telecommunications library.40uhttp://site.ebrary.com/lib/rucke/Doc?id=10160973zAn electronic book accessible through the World Wide Web; click to view